<?xml version="1.0" encoding="UTF-8"?>
<record
    xmlns:xsi="http://www.w3.org/2001/XMLSchema-instance"
    xsi:schemaLocation="http://www.loc.gov/MARC21/slim http://www.loc.gov/standards/marcxml/schema/MARC21slim.xsd"
    xmlns="http://www.loc.gov/MARC21/slim">

  <leader>00873nam a2200241Ia 4500</leader>
  <controlfield tag="003">OSt</controlfield>
  <controlfield tag="005">20201005175337.0</controlfield>
  <controlfield tag="008">191128s2007    ck ao  gr     000 0 spa d</controlfield>
  <datafield tag="020" ind1=" " ind2=" ">
    <subfield code="a">9789587061871</subfield>
  </datafield>
  <datafield tag="040" ind1=" " ind2=" ">
    <subfield code="a">CO-JMCR</subfield>
    <subfield code="c">CO-JMCR</subfield>
  </datafield>
  <datafield tag="041" ind1="0" ind2=" ">
    <subfield code="a">spa</subfield>
  </datafield>
  <datafield tag="082" ind1="0" ind2="4">
    <subfield code="a">641.5 / </subfield>
    <subfield code="b">C515c</subfield>
    <subfield code="2">23</subfield>
  </datafield>
  <datafield tag="100" ind1="1" ind2=" ">
    <subfield code="a">Toyos, Isabel, </subfield>
    <subfield code="e">editora</subfield>
    <subfield code="9">11276</subfield>
  </datafield>
  <datafield tag="245" ind1="1" ind2="0">
    <subfield code="a">Chef en casa : </subfield>
    <subfield code="b">manual b&#xE1;sico de cocina /</subfield>
    <subfield code="c">editor, Isabel Toyos</subfield>
  </datafield>
  <datafield tag="260" ind1=" " ind2=" ">
    <subfield code="a">Bogot&#xE1; : </subfield>
    <subfield code="b">Periodico Hoy, </subfield>
    <subfield code="c">2007.</subfield>
  </datafield>
  <datafield tag="300" ind1=" " ind2=" ">
    <subfield code="a">319 p&#xE1;ginas : </subfield>
    <subfield code="b">ilustraciones, fotograf&#xED;as a color ; </subfield>
    <subfield code="c">28 cm.</subfield>
  </datafield>
  <datafield tag="500" ind1=" " ind2=" ">
    <subfield code="a">Incluye &#xED;ndice tem&#xE1;tico y de recetas.</subfield>
  </datafield>
  <datafield tag="505" ind1="0" ind2=" ">
    <subfield code="a">Equipo b&#xE1;sico de cocina -- M&#xE9;todos de cocci&#xF3;n -- Carnes -- Aves y caza -- Pescados y mariscos -- Pastas -- Vegetales -- Frutas -- Salsas</subfield>
  </datafield>
  <datafield tag="650" ind1="2" ind2="4">
    <subfield code="a">Cocina Recetarios</subfield>
    <subfield code="9">11277</subfield>
  </datafield>
  <datafield tag="650" ind1="2" ind2="4">
    <subfield code="a">Gastronom&#xED;a</subfield>
    <subfield code="9">983</subfield>
  </datafield>
  <datafield tag="650" ind1="2" ind2="4">
    <subfield code="a">Recetas</subfield>
    <subfield code="9">11274</subfield>
  </datafield>
  <datafield tag="942" ind1=" " ind2=" ">
    <subfield code="2">ddc</subfield>
    <subfield code="c">BK</subfield>
  </datafield>
  <datafield tag="999" ind1=" " ind2=" ">
    <subfield code="c">4419</subfield>
    <subfield code="d">4419</subfield>
  </datafield>
  <datafield tag="952" ind1=" " ind2=" ">
    <subfield code="0">0</subfield>
    <subfield code="1">0</subfield>
    <subfield code="2">ddc</subfield>
    <subfield code="3">Donaci&#xF3;n--12/12/2018--</subfield>
    <subfield code="4">0</subfield>
    <subfield code="7">0</subfield>
    <subfield code="a">CPL</subfield>
    <subfield code="b">CPL</subfield>
    <subfield code="c">GEN</subfield>
    <subfield code="d">2019-11-28</subfield>
    <subfield code="e">Donaci&#xF3;n</subfield>
    <subfield code="l">7</subfield>
    <subfield code="m">1</subfield>
    <subfield code="o">641.5 / C515c </subfield>
    <subfield code="p">201809281</subfield>
    <subfield code="r">2025-04-01 11:24:47</subfield>
    <subfield code="s">2025-03-31</subfield>
    <subfield code="t">Ej.1</subfield>
    <subfield code="w">2019-11-28</subfield>
    <subfield code="y">BK</subfield>
  </datafield>
</record>
